000 00537nam a22002417a 4500
001 1957
003 OSt
005 20260414102714.0
008 260414b |||||||| |||| 00| 0 eng d
020 _a9789354665691
028 _bBLA
040 _aBLA
_bENGLISH
_cBLA
082 _2611
100 _aChaurasia, BD
245 _aBD Chaurasia'S General Anatomy
250 _a7th ed.
260 _aKolkata
_bCBS
_c2023
300 _c17cm.
500 _aIndexing,
600 _2GARG; Krishna
654 _2Anatomy
942 _2ddc
_cBK
_n0
999 _c1957
_d1957